[Event "Torneo A Autunno Vomero"]
[Site "Napoli ITA"]
[Date "2016.09.08"]
[Round "1"]
[White "Buiano, Fabio"]
[Black "Scarnera, Francesco"]
[WhiteElo "2137"]
[BlackElo "1665"]
[Result "1-0"]
[PlyCount "33"]
[EventDate "2016.09.15"]

1. e4 e5 2. Nf3 Nc6 3. d4 exd4 4. Bc4 h6 5. O-O b6 6. c3 dxc3 7. Nxc3 Bb7 8.
Re1 Qe7 9. Nd5 Qd8 10. e5 Nge7 11. Nf6+ gxf6 12. exf6 d5 13. Bxd5 Qd7 14. Bxf7+
Kd8 15. Be6 Qxd1 16. Rxd1+ Ke8 17. f7# 1-0

[Event "Torneo A Autunno Vomero"]
[Site "Napoli ITA"]
[Date "2016.09.08"]
[Round "1"]
[White "Cosenza, Gianni"]
[Black "Mauro, Lucio"]
[WhiteElo "1908"]
[BlackElo "1598"]
[Result "0-1"]
[PlyCount "110"]
[EventDate "2016.09.15"]

1. e4 c5 2. Bc4 e6 3. d3 d5 4. exd5 exd5 5. Qe2+ Be6 6. Bb3 h6 7. Nc3 Nf6 8.
Nf3 Be7 9. O-O O-O 10. Bf4 Nc6 11. Rfe1 Re8 12. h3 a6 13. a4 Bd6 14. Qd2 Bxf4
15. Qxf4 Re7 16. Re2 Qc7 17. Qxc7 Rxc7 18. Rae1 Rd8 19. Ba2 Kf8 20. Bb1 Re7 21.
Nd1 Bc8 22. Rxe7 Nxe7 23. Ne5 Re8 24. c3 Nc6 25. f4 Nd7 26. Nf3 Rxe1+ 27. Nxe1
Nf6 28. Nf3 d4 29. Kf2 Nd5 30. Kg3 f5 31. Nh4 Ke7 32. Ba2 Kd6 33. Nf3 Be6 34.
Bb1 a5 35. Nd2 Kc7 36. Nc4 Nb6 37. Nxb6 Kxb6 38. Bc2 Ka6 39. Kh4 Bf7 40. g4 Ne7
41. Nf2 b5 42. Kg3 b4 43. cxd4 b3 44. Bd1 cxd4 45. h4 Kb6 46. Nh3 Kc5 47. Nf2
Kb4 48. gxf5 Nxf5+ 49. Kh3 Kxa4 50. Ne4 Kb4 51. Bg4 Ne3 52. Bd7 Nd1 53. Nd6 Bd5
54. Nb5 Nxb2 55. Nxd4 Nxd3 0-1

[Event "Torneo A Autunno Vomero"]
[Site "Napoli ITA"]
[Date "2016.09.08"]
[Round "1"]
[White "Di Gennaro, Antonio"]
[Black "Messina, Enrico"]
[WhiteElo "1713"]
[BlackElo "2201"]
[Result "0-1"]
[PlyCount "67"]
[EventDate "2016.09.15"]

1. e4 d6 2. d4 Nf6 3. Nc3 e5 4. Nf3 Nbd7 5. Bc4 Be7 6. O-O O-O 7. a4 a5 8. Re1
c6 9. h3 Nb6 10. Bb3 Nfd7 11. Ne2 exd4 12. Nexd4 Nc5 13. c3 Nxb3 14. Qxb3 d5
15. Bf4 dxe4 16. Rxe4 Bf6 17. Rd1 Qd5 18. Qxd5 cxd5 19. Re2 Bd7 20. b3 Rfc8 21.
Rc1 h6 22. Be5 Bd8 23. Bf4 Ra6 24. Rec2 Be7 25. Re2 Bf8 26. Nd2 Na8 27. N2f3
Nb6 28. Nh4 g5 29. Nhf5 gxf4 30. Ne7+ Bxe7 31. Rxe7 Kf8 32. Re5 Re8 33. Rh5 Kg7
34. g3 0-1

[Event "Torneo A Autunno Vomero"]
[Site "Napoli ITA"]
[Date "2016.09.08"]
[Round "1"]
[White "Fortuna, Armando"]
[Black "Ficco, Corrado"]
[WhiteElo "1657"]
[BlackElo "2041"]
[Result "0-1"]
[PlyCount "50"]
[EventDate "2016.09.15"]

1. e4 c5 2. Nf3 e6 3. d4 cxd4 4. Nxd4 Nf6 5. Nc3 Nc6 6. Ndb5 d6 7. Bg5 a6 8.
Na3 b5 9. Bxf6 Qxf6 10. Naxb5 axb5 11. Bxb5 Bd7 12. O-O Be7 13. Re1 O-O 14. Qd2
Rfd8 15. Rad1 Rab8 16. f4 Be8 17. f5 Ne5 18. Bxe8 Rxe8 19. fxe6 fxe6 20. Rf1
Qg5 21. Qd4 Rxb2 22. Nd5 Rxc2 23. Nf4 Rxa2 24. g3 Qg4 25. Nxe6 Qxe6 0-1

[Event "Torneo A Autunno Vomero"]
[Site "Napoli ITA"]
[Date "2016.09.08"]
[Round "1"]
[White "Gallo, Thomas Renato"]
[Black "Pellegrino, Giovanni"]
[WhiteElo "1837"]
[BlackElo "1561"]
[Result "1-0"]
[PlyCount "81"]
[EventDate "2016.09.15"]

1. d4 b6 2. c4 e6 3. Nf3 Bb7 4. a3 f5 5. Nc3 d6 6. e3 Nf6 7. Bd3 Be7 8. O-O O-O
9. Re1 Nbd7 10. Ng5 Nd5 11. Nxe6 Nxc3 12. bxc3 Qc8 13. Nxf8 Qxf8 14. e4 fxe4
15. Bxe4 c6 16. Qa4 Nf6 17. Bxc6 Bxc6 18. Qxc6 Rc8 19. Qb7 Re8 20. h3 d5 21.
cxd5 Bd6 22. Re6 Rb8 23. Qc6 Rd8 24. Bg5 h6 25. Bxf6 gxf6 26. Rae1 Rc8 27. Qxd6
Qxd6 28. Rxd6 Rxc3 29. Rxf6 Rc7 30. Rxh6 Rd7 31. d6 Kg7 32. Re7+ Rxe7 33. dxe7
Kxh6 34. e8=Q b5 35. d5 b4 36. axb4 a5 37. d6 axb4 38. d7 b3 39. d8=Q b2 40.
Qf6+ Kh7 41. Qeg6# 1-0

[Event "Torneo A Autunno Vomero"]
[Site "Napoli ITA"]
[Date "2016.09.08"]
[Round "1"]
[White "Paduano, Gennaro"]
[Black "Mocerino, Dario"]
[WhiteElo "1773"]
[BlackElo "1503"]
[Result "1-0"]
[PlyCount "67"]
[EventDate "2016.09.15"]

1. e4 e5 2. Nf3 Nc6 3. Bb5 d6 4. h3 Nf6 5. d3 Be7 6. Nbd2 Bd7 7. c3 a6 8. Ba4
O-O 9. Nf1 Qc8 10. b4 b5 11. Bb3 Nd8 12. Be3 Be6 13. Ng3 c6 14. O-O d5 15. Nxe5
Bd6 16. f4 Bxh3 17. gxh3 Qxh3 18. Rf3 Rc8 19. Nf5 Qh5 20. Nxd6 Rc7 21. Nf5 Re8
22. Rg3 Qxd1+ 23. Rxd1 g6 24. exd5 cxd5 25. Bd2 Nh5 26. Rg2 Kf8 27. Nd4 Ne6 28.
Nxe6+ fxe6 29. a4 Ke7 30. axb5 axb5 31. Ra1 Rf8 32. Kf2 Ke8 33. Ra5 Rb7 34.
Ra8+ 1-0

[Event "Torneo A Autunno Vomero"]
[Site "Napoli ITA"]
[Date "2016.09.08"]
[Round "1"]
[White "Pellegrino, Carlo"]
[Black "Esposito, Pino"]
[WhiteElo "1522"]
[BlackElo "1782"]
[Result "1/2-1/2"]
[PlyCount "34"]
[EventDate "2016.09.15"]

1. d4 Nf6 2. c4 g6 3. Nc3 Bg7 4. Nf3 O-O 5. Bg5 d6 6. e3 Nbd7 7. Be2 c5 8. d5
h6 9. Bh4 a6 10. Qc2 Qa5 11. O-O Rb8 12. a4 Re8 13. Nd2 Ne5 14. h3 Bf5 15. e4
Bc8 16. f4 Ned7 17. g4 Nh7 1/2-1/2

[Event "Torneo A Autunno Vomero"]
[Site "Napoli ITA"]
[Date "2016.09.08"]
[Round "1"]
[White "Radice, Mario"]
[Black "De Maria, Dario"]
[WhiteElo "1803"]
[BlackElo "1544"]
[Result "1-0"]
[PlyCount "96"]
[EventDate "2016.09.15"]

1. e4 c5 2. Nc3 Nc6 3. g3 e5 4. Bg2 Nf6 5. d3 h6 6. Nge2 Be7 7. O-O O-O 8. f4
d6 9. Nd5 Bg4 10. Qe1 Bxe2 11. Qxe2 Nd4 12. Nxf6+ Bxf6 13. Qf2 Rc8 14. fxe5
dxe5 15. Bxh6 gxh6 16. Qxf6 Qxf6 17. Rxf6 Kg7 18. Rf2 f6 19. Raf1 c4 20. Bh3
Rc7 21. c3 Nb5 22. dxc4 Rxc4 23. Rd2 Kh8 24. Rd7 Rc7 25. Rfd1 a6 26. a4 Rxd7
27. Rxd7 Na7 28. Bf5 Nc6 29. Rxb7 Na5 30. Rh7+ Kg8 31. Rxh6 Nc4 32. b4 Ne3 33.
b5 axb5 34. axb5 Nxf5 35. exf5 Kg7 36. Rh4 Re8 37. Kf2 e4 38. Ke3 Rc8 39. Kd4
e3 40. Re4 Kh6 41. c4 Kg5 42. c5 Kxf5 43. Rxe3 Rd8+ 44. Kc4 Rd1 45. b6 Rc1+ 46.
Kb5 Rb1+ 47. Kc6 Kg4 48. Kc7 Kh3 1-0

[Event "Torneo A Autunno Vomero"]
[Site "Napoli ITA"]
[Date "2016.09.08"]
[Round "1"]
[White "Somma, Erminio"]
[Black "Di Meo, Antonio"]
[WhiteElo "1561"]
[BlackElo "1811"]
[Result "0-1"]
[PlyCount "50"]
[EventDate "2016.09.15"]

1. d4 b5 2. Nf3 Bb7 3. e3 a6 4. c4 bxc4 5. Bxc4 e6 6. O-O Nf6 7. Nbd2 c5 8.
dxc5 Bxc5 9. Nb3 Be7 10. Nbd2 Nc6 11. a3 Qa5 12. b4 Qh5 13. Bb2 g5 14. Be2 g4
15. Nd4 Rg8 16. Nxc6 Bxc6 17. f3 Nd5 18. Nc4 Bb5 19. fxg4 Qh6 20. Qb3 Bxc4 21.
Bxc4 Nxe3 22. Bc1 Bg5 23. Rf3 Nxg4 24. Rh3 Qf6 25. Qa2 Qd4+ 0-1

[Event "Torneo A Autunno Vomero"]
[Site "Napoli ITA"]
[Date "2016.09.08"]
[Round "1"]
[White "Sparice, Lorenzo"]
[Black "Paduano, Claudio"]
[WhiteElo "1431"]
[BlackElo "1757"]
[Result "0-1"]
[PlyCount "108"]
[EventDate "2016.09.15"]

1. d4 Nf6 2. Nc3 d5 3. Bg5 Bf5 4. f3 Nc6 5. Bxf6 exf6 6. e4 dxe4 7. fxe4 Bg6 8.
d5 Ne5 9. Nh3 Bc5 10. Nf4 O-O 11. Nxg6 fxg6 12. Na4 Qe7 13. c3 Rae8 14. Bb5 Rd8
15. Qb3 Kh8 16. Nxc5 Qxc5 17. O-O-O Qe3+ 18. Kb1 Qxe4+ 19. Qc2 Qxc2+ 20. Kxc2
a6 21. Be2 Rfe8 22. h3 Nf7 23. Rhe1 Re5 24. Bf3 Rxe1 25. Rxe1 Ne5 26. b3 Kg8
27. Rd1 Nxf3 28. gxf3 Kf7 29. c4 Ke7 30. b4 Kd7 31. Rd3 Re8 32. Kb3 Re2 33. c5
Rh2 34. f4 Rf2 35. a4 Rxf4 36. d6 Re4 37. a5 Re6 38. Ka4 cxd6 39. cxd6 Rxd6 40.
Rc3 g5 41. Rc5 h5 42. b5 axb5+ 43. Rxb5 Kc6 44. Rb6+ Kc7 45. Rb4 f5 46. h4 g4
47. Rc4+ Rc6 48. Rf4 g6 49. Kb5 g3 50. Rf3 f4 51. Rxf4 g2 52. Rf7+ Kb8 53. Rf8+
Ka7 54. a6 Rxa6 0-1

[Event "Torneo A Autunno Vomero"]
[Site "Napoli ITA"]
[Date "2016.09.08"]
[Round "1"]
[White "Tassaro, Renato"]
[Black "Taurisano, Vincenzo"]
[WhiteElo "1588"]
[BlackElo "1850"]
[Result "0-1"]
[PlyCount "112"]
[EventDate "2016.09.15"]

1. e4 c5 2. Nf3 d6 3. Nc3 Nf6 4. Bc4 e6 5. d3 Be7 6. Be3 O-O 7. O-O b6 8. Nd2
Bb7 9. Qe2 Nc6 10. Bg5 Nd4 11. Qd1 d5 12. Bxf6 Bxf6 13. Bb3 b5 14. exd5 exd5
15. a3 b4 16. Ncb1 Nxb3 17. Nxb3 Bxb2 18. Ra2 bxa3 19. Nxc5 Bc6 20. Qd2 d4 21.
Nb3 Qd5 22. f3 Rfe8 23. Qa5 Qe6 24. Kh1 Qe2 25. N1d2 Bc3 26. Qc5 Re6 27. Nxd4
Bxd4 28. Qxd4 Qxd2 29. Rxa3 Re1 30. Rg1 Rxg1+ 31. Qxg1 a5 32. h3 Re8 33. Ra1 h5
34. Qc5 Re1+ 35. Rxe1 Qxe1+ 36. Kh2 Qe6 37. Qxa5 Qd6+ 38. Kg1 Qd4+ 39. Kh2 h4
40. Qe1 g5 41. Qe7 Qf4+ 42. Kg1 Qc1+ 43. Kh2 Qf4+ 44. Kg1 Kg7 45. Qe2 Qd4+ 46.
Kh2 Kf6 47. Qe1 Qe5+ 48. Qxe5+ Kxe5 49. c3 Bb5 50. Kg1 Bxd3 51. Kf2 Kf4 52. Ke1
Ke3 53. Kd1 f5 54. Ke1 f4 55. Kd1 Kf2 56. Kd2 Bc4 0-1

[Event "Torneo A Autunno Vomero"]
[Site "Napoli ITA"]
[Date "2016.09.15"]
[Round "2"]
[White "Buonanno, Matteo Giovanni"]
[Black "Cocchia, Umberto"]
[WhiteElo "1472"]
[BlackElo "1835"]
[Result "0-1"]
[PlyCount "64"]
[EventDate "2016.09.15"]

1. d4 Nf6 2. c4 g6 3. Nc3 d5 4. cxd5 Nxd5 5. e4 Nxc3 6. bxc3 Bg7 7. Bc4 O-O 8.
Ne2 c5 9. Be3 Nc6 10. Rc1 cxd4 11. cxd4 Qa5+ 12. Kf1 Qa3 13. Rc3 Qd6 14. h4 Rd8
15. h5 Be6 16. hxg6 hxg6 17. Bxe6 Qxe6 18. f3 Qxa2 19. Rd3 Rac8 20. Nc3 Qc4 21.
Ne2 Nxd4 22. Bxd4 Bxd4 23. Qd2 Qc2 24. Qxc2 Rxc2 25. Rd1 e5 26. Rh3 a5 27. f4
f6 28. Rhd3 Rc4 29. fxe5 fxe5 30. Ra3 Rf8+ 31. Ke1 Bf2+ 32. Kd2 b5 0-1

[Event "Torneo A Autunno Vomero"]
[Site "Napoli ITA"]
[Date "2016.09.15"]
[Round "2"]
[White "Caiazzo, Diego"]
[Black "Lombardo, Claudio"]
[WhiteElo "1699"]
[BlackElo "1849"]
[Result "1/2-1/2"]
[PlyCount "74"]
[EventDate "2016.09.15"]

1. e4 c5 2. Nf3 e6 3. d4 cxd4 4. Nxd4 a6 5. c4 Qc7 6. Nc3 Nc6 7. Nxc6 dxc6 8.
Be2 Nf6 9. O-O Be7 10. Be3 O-O 11. Qc2 b6 12. Rad1 Bb7 13. f4 Rad8 14. Rxd8
Rxd8 15. e5 Nd7 16. Bf3 Bc5 17. Qf2 Bxe3 18. Qxe3 Nb8 19. Rd1 Rxd1+ 20. Nxd1 c5
21. Qd3 Bxf3 22. gxf3 Nc6 23. a3 Nd4 24. Kf2 Qe7 25. Qe4 Qh4+ 26. Kg2 h6 27.
Nf2 Qd8 28. Qd3 Qa8 29. Ne4 Qc6 30. Nd6 b5 31. Qe4 Qxe4 32. fxe4 bxc4 33. Nxc4
Kf8 34. Kf2 Ke7 35. Ke3 Nc2+ 36. Kd2 Nd4 37. Ke3 Nc2+ 1/2-1/2

[Event "Torneo A Autunno Vomero"]
[Site "Napoli ITA"]
[Date "2016.09.15"]
[Round "2"]
[White "Calvanese, Giuseppe"]
[Black "Sparice, Lorenzo"]
[WhiteElo "1599"]
[BlackElo "1431"]
[Result "1-0"]
[PlyCount "57"]
[EventDate "2016.09.15"]

1. e4 d6 2. d4 Nf6 3. Nc3 Nbd7 4. Nf3 e5 5. h3 c6 6. dxe5 dxe5 7. Bc4 h6 8. a3
a5 9. Be3 Qc7 10. O-O Bc5 11. Qd2 Bxe3 12. Qxe3 Nf8 13. Rfd1 Be6 14. Bxe6 Nxe6
15. Ne2 Rd8 16. Ng3 g6 17. Rd2 Rxd2 18. Qxd2 Kf8 19. Rd1 Kg7 20. Qe3 Nd7 21.
Nxe5 Nxe5 22. f4 Nxf4 23. Rf1 Nh5 24. Nxh5+ gxh5 25. Rf5 f6 26. Qg3+ Ng6 27.
Qxc7+ Kg8 28. Rxf6 Nf8 29. Qf7# 1-0

[Event "Torneo A Autunno Vomero"]
[Site "Napoli ITA"]
[Date "2016.09.15"]
[Round "2"]
[White "Chiummo, Sergio"]
[Black "Melchior, Alex"]
[WhiteElo "1912"]
[BlackElo "1990"]
[Result "0-1"]
[PlyCount "74"]
[EventDate "2016.09.15"]

1. c4 e5 2. Nc3 Nf6 3. Nf3 Nc6 4. g3 d5 5. cxd5 Nxd5 6. Bg2 Be6 7. O-O f6 8. d4
Nxc3 9. bxc3 e4 10. Nd2 f5 11. Qc2 Qd7 12. Nb3 a5 13. Rd1 a4 14. Nd2 Be7 15.
Nf1 Na5 16. d5 Bf7 17. Ne3 O-O 18. c4 b6 19. Bb2 Nb7 20. Nxf5 Qxf5 21. Bxe4 Qh3
22. Rd4 Bc5 23. Bg2 Bg6 24. Qc3 Bxd4 25. Qxd4 Qd7 26. Bh3 Qe7 27. Be6+ Kh8 28.
Qg4 a3 29. Be5 Nc5 30. h4 Nxe6 31. dxe6 Qc5 32. Bd4 Qf5 33. Qxf5 Bxf5 34. h5 h6
35. Be5 Bxe6 36. Bxc7 Bxc4 37. Bxb6 Bxe2 0-1

[Event "Torneo A Autunno Vomero"]
[Site "Napoli ITA"]
[Date "2016.09.15"]
[Round "2"]
[White "Cosenza, Gianni"]
[Black "Pellegrino, Carlo"]
[WhiteElo "1908"]
[BlackElo "1522"]
[Result "1-0"]
[PlyCount "57"]
[EventDate "2016.09.15"]

1. e4 d6 2. d4 Nf6 3. Nc3 c6 4. f3 Nbd7 5. Be3 e5 6. Nge2 Qb6 7. Qc1 Be7 8.
dxe5 Qa5 9. exf6 Bxf6 10. Qd2 b5 11. Nd4 Qc7 12. Nf5 O-O 13. Qxd6 Qa5 14. Bd2
b4 15. Nd1 Nc5 16. Ne7+ Bxe7 17. Qxe7 Be6 18. a3 Rab8 19. Rb1 Rfd8 20. axb4
Rxb4 21. Bd3 Qb6 22. Nf2 Rbd4 23. O-O f6 24. b4 Nxd3 25. Qxe6+ Kh8 26. Be3 Nxf2
27. Bxf2 Rxb4 28. Bxb6 Rxb1 29. Bxd8 1-0

[Event "Torneo A Autunno Vomero"]
[Site "Napoli ITA"]
[Date "2016.09.15"]
[Round "2"]
[White "Di Meo, Antonio"]
[Black "Buiano, Fabio"]
[WhiteElo "1811"]
[BlackElo "2137"]
[Result "1-0"]
[PlyCount "89"]
[EventDate "2016.09.15"]

1. b3 g6 2. Bb2 Nf6 3. e4 d6 4. g3 Bg7 5. Bg2 c5 6. Ne2 Nc6 7. O-O O-O 8. d4
cxd4 9. Nxd4 Bg4 10. f3 Bd7 11. Na3 a6 12. c4 Qb6 13. Kh1 h5 14. h4 Nxe4 15.
fxe4 Nxd4 16. Qd2 Bc6 17. Rad1 Ne6 18. Bxg7 Kxg7 19. Nb1 Qc7 20. Nc3 b5 21.
cxb5 axb5 22. Rc1 Qb7 23. Rfe1 Rad8 24. Nd5 Bxd5 25. exd5 Nc5 26. Re2 Rfe8 27.
Rce1 Rc8 28. Bf3 Qd7 29. Kg2 f6 30. Re3 Rc7 31. Qe2 Nb7 32. b4 Nd8 33. g4 hxg4
34. Bxg4 f5 35. Bh5 Nf7 36. Bxg6 Ne5 37. Rxe5 dxe5 38. Bxe8 Qxd5+ 39. Kh2 Kf8
40. Bxb5 e4 41. Rg1 Qe5+ 42. Kh1 Qf6 43. Qh5 Rc8 44. Qh7 Qe6 45. Qg7# 1-0

[Event "Torneo A Autunno Vomero"]
[Site "Napoli ITA"]
[Date "2016.09.15"]
[Round "2"]
[White "Esposito, Pino"]
[Black "Buonanno, Raffaele"]
[WhiteElo "1782"]
[BlackElo "1923"]
[Result "0-1"]
[PlyCount "78"]
[EventDate "2016.09.15"]

1. d4 Nf6 2. c4 g6 3. Nc3 Bg7 4. Nf3 O-O 5. e4 d6 6. Bd3 e5 7. d5 Nbd7 8. b4 a5
9. b5 Nc5 10. Be3 Nxd3+ 11. Qxd3 b6 12. h3 Nh5 13. g4 Nf4 14. Qd2 f5 15. gxf5
gxf5 16. O-O-O fxe4 17. Ng1 Qh4 18. Kb1 Nd3 19. Rf1 h6 20. Rh2 Bf5 21. Nge2 Bh7
22. Nd1 Rf6 23. Rg1 Rg6 24. Rxg6 Bxg6 25. Rg2 Kh7 26. Rg3 Rf8 27. Ka1 Rf3 28.
Ndc3 Rxg3 29. Nxg3 Qxh3 30. a3 Qg2 31. Ka2 h5 32. Bg5 Nxf2 33. Nh1 Qxh1 34.
Qxf2 Qf3 35. Qe3 Qxe3 36. Bxe3 Bf6 37. Bxb6 cxb6 38. c5 dxc5 39. Na4 e3 0-1

[Event "Torneo A Autunno Vomero"]
[Site "Napoli ITA"]
[Date "2016.09.15"]
[Round "2"]
[White "Esposito, Rosario"]
[Black "Auletta, Pasquale"]
[WhiteElo "1784"]
[BlackElo "1635"]
[Result "0-1"]
[PlyCount "126"]
[EventDate "2016.09.15"]

1. d4 d5 2. c4 c6 3. Nf3 Nf6 4. Nc3 dxc4 5. e4 b5 6. e5 Nd5 7. a4 Bf5 8. axb5
Nb4 9. Bxc4 Nc2+ 10. Kf1 Nxa1 11. Bxf7+ Kxf7 12. Ng5+ Kg8 13. e6 Bg6 14. Be3
Nc2 15. Qf3 Qe8 16. h4 h6 17. Nh3 Bd3+ 18. Kg1 Qg6 19. Nf4 Qf5 20. g4 Qf6 21.
Qd1 Bh7 22. Rh2 Nxd4 23. Qxd4 Qxd4 24. Bxd4 cxb5 25. Nxb5 Nc6 26. Bc3 Rd8 27.
Rh3 a6 28. Nc7 Nd4 29. Nxa6 g6 30. Nc5 Bg7 31. Nd7 g5 32. hxg5 hxg5 33. Nh5
Nxe6 34. Nxg7 Nxg7 35. Ne5 Rd1+ 36. Kh2 Be4 37. Rxh8+ Kxh8 38. Nf7+ Kg8 39.
Nxg5 Bd5 40. Kg3 Rg1+ 41. Kf4 Ne6+ 42. Nxe6 Bxe6 43. f3 Kf7 44. Kg5 Bd5 45. Bd4
Rg2 46. Kf4 Rd2 47. Ke3 Rd1 48. Bc3 Rf1 49. f4 Rf3+ 50. Kd4 Bb7 51. Ke5 Re3+
52. Kf5 Bc8+ 53. Kg5 Rg3 54. f5 Bb7 55. Kf4 Rf3+ 56. Kg5 Rg3 57. Kf4 Rg1 58. g5
Rf1+ 59. Kg4 Bc8 60. g6+ Kg8 61. g7 Bxf5+ 62. Kg3 e5 63. Kh4 Kxg7 0-1

[Event "Torneo A Autunno Vomero"]
[Site "Napoli ITA"]
[Date "2016.09.15"]
[Round "2"]
[White "Ficco, Corrado"]
[Black "Radice, Mario"]
[WhiteElo "2041"]
[BlackElo "1803"]
[Result "1/2-1/2"]
[PlyCount "76"]
[EventDate "2016.09.15"]

1. e4 e5 2. Nf3 Nf6 3. Nxe5 d6 4. Nf3 Nxe4 5. Nc3 Nxc3 6. dxc3 Be7 7. Be3 O-O
8. Qd2 Nd7 9. O-O-O Re8 10. Kb1 c6 11. Be2 d5 12. Rhe1 Nc5 13. Bxc5 Bxc5 14.
Nd4 a5 15. Bd3 Rxe1 16. Rxe1 a4 17. Qe2 Bd7 18. Nf5 Bxf5 19. Bxf5 Qf6 20. Qe5
Qxe5 21. Rxe5 g6 22. Bd3 Bxf2 23. c4 dxc4 24. Bxc4 Rd8 25. a3 b5 26. Bd3 Kf8
27. Kc1 h5 28. Re2 Bh4 29. Kb1 Bf6 30. Rf2 Ke7 31. Re2+ Kf8 32. Rf2 Rd6 33. Ka2
Bd4 34. Rf3 f5 35. h3 h4 36. b3 Re6 37. c4 Re1 38. Rf1 Re3 1/2-1/2

[Event "Torneo A Autunno Vomero"]
[Site "Napoli ITA"]
[Date "2016.09.15"]
[Round "2"]
[White "Mauro, Lucio"]
[Black "Lombardo, Michele"]
[WhiteElo "1598"]
[BlackElo "2080"]
[Result "0-1"]
[PlyCount "94"]
[EventDate "2016.09.15"]

1. e4 g6 2. d4 Bg7 3. Nf3 c6 4. Be2 d5 5. exd5 cxd5 6. O-O Bg4 7. h3 Bxf3 8.
Bxf3 Nc6 9. c3 e6 10. Re1 Nge7 11. Bg5 O-O 12. Nd2 b5 13. Nf1 h6 14. Bxe7 Nxe7
15. Ng3 a5 16. a3 b4 17. axb4 axb4 18. Rxa8 Qxa8 19. Qc2 Rc8 20. Qb3 bxc3 21.
bxc3 Qc6 22. Ne2 Nf5 23. g3 Bf8 24. Rc1 Ra8 25. Rc2 Ra3 26. Qb2 Qc4 27. Nc1 Qa4
28. Bd1 Nd6 29. Rd2 Qa7 30. Be2 Ra1 31. Kg2 Nc4 32. Bxc4 dxc4 33. Na2 Re1 34.
f3 Ba3 35. Qc2 e5 36. Rd1 Rxd1 37. Qxd1 exd4 38. Qxd4 Qa4 39. Qd2 Qb3 40. Nc1
Qb1 41. Ne2 Qd3 42. Qe1 Bb2 43. Kf2 Qc2 44. Kf1 Ba3 45. Nd4 Qd3+ 46. Kf2 Bd6
47. Qe3 Bxg3+ 0-1

[Event "Torneo A Autunno Vomero"]
[Site "Napoli ITA"]
[Date "2016.09.15"]
[Round "2"]
[White "Messina, Enrico"]
[Black "Gallo, Thomas Renato"]
[WhiteElo "2201"]
[BlackElo "1837"]
[Result "1-0"]
[PlyCount "68"]
[EventDate "2016.09.15"]

1. e4 e6 2. d3 c5 3. Nf3 Nc6 4. g3 d6 5. Bg2 Nf6 6. O-O Be7 7. Nbd2 Rb8 8. Re1
Qc7 9. h3 O-O 10. Nf1 b5 11. a4 Bd7 12. axb5 Rxb5 13. b3 Rfb8 14. Bb2 e5 15.
Ne3 Be6 16. Nd2 Qc8 17. Kh2 Nd4 18. Ndc4 Qb7 19. Ra2 g6 20. Qa1 Ra8 21. Bc3 Ne8
22. Qb2 Bd8 23. Rea1 Nc6 24. Ra4 a5 25. Nd5 Ra7 26. Na3 Rb4 27. Bxb4 axb4 28.
Nc4 Bd7 29. Rxa7 Nxa7 30. Qa2 Nb5 31. Qa8 Bc8 32. h4 Nd4 33. Ra7 Qc6 34. Na5
Bxa5 1-0

[Event "Torneo A Autunno Vomero"]
[Site "Napoli ITA"]
[Date "2016.09.15"]
[Round "2"]
[White "Mocerino, Dario"]
[Black "Castellano, Riccardo"]
[WhiteElo "1503"]
[BlackElo "1598"]
[Result "0-1"]
[PlyCount "50"]
[EventDate "2016.09.15"]

1. e4 c5 2. Nf3 d6 3. Be2 Nc6 4. c3 Nf6 5. d3 g6 6. Nbd2 Bg7 7. Nb3 O-O 8. Qc2
e5 9. O-O Bd7 10. Bg5 h6 11. Bh4 g5 12. Bg3 Nh5 13. Nxe5 Nxg3 14. Nxc6 Nxe2+
15. Qxe2 Bxc6 16. f3 b6 17. Rad1 d5 18. Qf2 Qc7 19. Rd2 Rad8 20. Re2 dxe4 21.
Rxe4 Bxe4 22. dxe4 Rd7 23. h4 Rfd8 24. hxg5 hxg5 25. Qe3 c4 0-1

[Event "Torneo A Autunno Vomero"]
[Site "Napoli ITA"]
[Date "2016.09.15"]
[Round "2"]
[White "Scarnera, Francesco"]
[Black "Somma, Erminio"]
[WhiteElo "1665"]
[BlackElo "1561"]
[Result "1-0"]
[PlyCount "95"]
[EventDate "2016.09.15"]

1. e4 d5 2. exd5 Qxd5 3. Nc3 Qa5 4. d4 Nf6 5. Nf3 Bg4 6. Be2 e6 7. Ne5 Bxe2 8.
Qxe2 c6 9. a3 Qc7 10. Bf4 Bd6 11. O-O Nbd7 12. Ne4 Nxe4 13. Qxe4 Nf6 14. Qe2
O-O 15. c4 Nd7 16. c5 Nxe5 17. Bxe5 Bxe5 18. dxe5 Rfd8 19. Rad1 Rd5 20. Rxd5
cxd5 21. b4 a5 22. Rc1 axb4 23. axb4 Rc8 24. Qb2 b5 25. Ra1 Rd8 26. Ra6 d4 27.
Rd6 Rxd6 28. exd6 Qd7 29. Qxd4 Kf8 30. Qa1 f6 31. Qa5 Ke8 32. Qb6 e5 33. Qb8+
Kf7 34. Qc7 Ke8 35. Qxd7+ Kxd7 36. f3 Kc6 37. Kf2 g6 38. Ke3 f5 39. g4 Kd7 40.
Kf2 Ke6 41. Kg3 h6 42. Kh4 g5+ 43. Kg3 f4+ 44. Kf2 Kd7 45. Ke2 Ke6 46. Kd3 Kd7
47. Ke4 Ke6 48. h3 1-0

[Event "Torneo A Autunno Vomero"]
[Site "Napoli ITA"]
[Date "2016.09.15"]
[Round "2"]
[White "Taurisano, Vincenzo"]
[Black "Norcia, Fabrizio"]
[WhiteElo "1850"]
[BlackElo "1425"]
[Result "1-0"]
[PlyCount "65"]
[EventDate "2016.09.15"]

1. Nc3 d5 2. d4 Nf6 3. Nf3 Nc6 4. g3 Bf5 5. Bd2 e6 6. Bg2 Bd6 7. O-O Qe7 8. Nb5
h6 9. Nxd6+ Qxd6 10. a3 a5 11. Rc1 O-O 12. Bf4 Qd7 13. h4 Rfe8 14. Qd2 Ng4 15.
c4 Ne7 16. Rfd1 Ng6 17. cxd5 Nxf4 18. Qxf4 Rac8 19. e4 exd5 20. exf5 Nf6 21.
Re1 Rxe1+ 22. Rxe1 Qb5 23. Re7 c6 24. Ne5 Qxb2 25. Rxf7 Qxa3 26. g4 a4 27. g5
hxg5 28. Qxg5 Qf8 29. Rxf8+ Kxf8 30. Qg6 Rc7 31. Qg3 b5 32. Ng6+ Ke8 33. Qxc7
1-0

[Event "Torneo A Autunno Vomero"]
[Site "Napoli ITA"]
[Date "2016.09.20"]
[Round "3"]
[White "Auletta, Pasquale"]
[Black "Chiummo, Sergio"]
[WhiteElo "1635"]
[BlackElo "1912"]
[Result "0-1"]
[PlyCount "84"]
[EventDate "2016.09.15"]

1. e4 g6 2. d4 Bg7 3. Be3 d6 4. Nf3 c6 5. Bd3 Bg4 6. h3 Bxf3 7. Qxf3 Qb6 8. Nd2
Bxd4 9. Nc4 Qc5 10. c3 Bxe3 11. Nxe3 Nf6 12. O-O O-O 13. Qe2 Nbd7 14. f4 b5 15.
Kh1 e5 16. f5 Nh5 17. Qg4 Qxe3 18. Rf3 Ndf6 19. Rxe3 Nxg4 20. hxg4 Nf6 21. g5
Ng4 22. Rf3 Rae8 23. f6 d5 24. Kg1 d4 25. Re1 a6 26. Rg3 Ne3 27. cxd4 exd4 28.
b4 Re5 29. Rc1 Rc8 30. a4 c5 31. axb5 axb5 32. Bxb5 c4 33. Rxe3 dxe3 34. Rxc4
Rxc4 35. Bxc4 Rxe4 36. Be2 Rxb4 37. g3 Rb1+ 38. Kg2 Rc1 39. Kf3 Rc5 40. Bd3
Rxg5 41. Kf4 Rd5 42. Bc4 Rf5+ 0-1

[Event "Torneo A Autunno Vomero"]
[Site "Napoli ITA"]
[Date "2016.09.20"]
[Round "3"]
[White "Buiano, Fabio"]
[Black "Calvanese, Giuseppe"]
[WhiteElo "2137"]
[BlackElo "1599"]
[Result "1-0"]
[PlyCount "57"]
[EventDate "2016.09.15"]

1. e4 e5 2. Nf3 d6 3. d4 exd4 4. Nxd4 g6 5. Nc3 Bg7 6. Be3 Ne7 7. Qd2 h5 8.
O-O-O Nbc6 9. f3 Bd7 10. Be2 a6 11. h3 Na7 12. g4 h4 13. Kb1 Nec6 14. Nd5 Nxd4
15. Bxd4 O-O 16. Bxg7 Kxg7 17. Qd4+ Kh7 18. Nf6+ Kh6 19. f4 g5 20. Nxd7 Qxd7
21. Qf6+ Kh7 22. Qxg5 Qd8 23. Qf5+ Kg7 24. e5 Nc8 25. Bd3 Rh8 26. Rhe1 Ne7 27.
Qf6+ Kg8 28. e6 Nd5 29. Qxf7# 1-0

[Event "Torneo A Autunno Vomero"]
[Site "Napoli ITA"]
[Date "2016.09.20"]
[Round "3"]
[White "Castellano, Riccardo"]
[Black "Cosenza, Gianni"]
[WhiteElo "1598"]
[BlackElo "1908"]
[Result "0-1"]
[PlyCount "62"]
[EventDate "2016.09.15"]

1. e4 e6 2. d4 d5 3. exd5 exd5 4. Nf3 Bg4 5. Be2 Bd6 6. O-O Ne7 7. Nbd2 O-O 8.
Re1 Nd7 9. Nf1 Re8 10. Bd2 c6 11. c3 Qc7 12. Qc2 Nf6 13. Ng5 Bf5 14. Bd3 Bxd3
15. Qxd3 h6 16. Nf3 Ne4 17. Ng3 f5 18. Nh4 Rf8 19. Re2 g5 20. Nf3 Ng6 21. Rc1
Kh7 22. Nh5 g4 23. Ne5 Nxe5 24. dxe5 Bxe5 25. f3 gxf3 26. gxf3 Qf7 27. fxe4
Qxh5 28. exd5 Rg8+ 29. Kf1 Bf6 30. dxc6 Rad8 31. Qe3 Bg5 $138 0-1